=LDR 00000nam 2200000 4500 =001 INLIS000000000047690 =005 20200430084632 =035 ##$$a 0010-021600000000078 =008 200430################g##########0#ind## =020 ##$$a 978-979-15666-7-4 =082 ##$$a 2x3.541 =090 ##$$b 2x3.541 Ghu m =100 1#$$a Ghufron, Ali =245 1#$$a Mengetuk pintu surga /$c Ali Ghufron =260 ##$$a Surakarta :$b Aulia Press,$c 2008 =300 ##$$a 136 hlm ; $c 14x21 cm. =084 ##$$a 2x3.541 GHU m =650 #4$$a Aqaid =990 ##$$a 20900854 =990 ##$$a 20900855 =990 ##$$a 11361136